Statistics for Random NBA questions

Click here to take the quiz!

General Stats

  • This quiz has been taken 40 times
  • The average score is 8 of 14

Answer Stats

QuestionAnswer% Correct
Who is the only NBA player to win a championship on the Lakers and the CelticsRajon Rondo
91%
What father/son duo both got traded from the blazers to the raptors in their 3rd season?Gary Trent Jr/Sr
88%
What star NBA player has the most rings?Giannis Antetokounmpo
84%
Who WAS NOT a real NBA playerHelp Cure-Cancer
84%
What season did Kobe drop his legendary 81 point game?'05-'06
69%
Which Player has 3-peated in his careerKobe
69%
Who has more Finals appearancesDwight Howard
66%
FINAL: Who had a whopping 407 game turnover streakRussell Westbrook
56%
What player got his powers stolen in the original Space Jam?Muggsy Bogues
47%
Which team retired michael jordan's jersey?Miami Heat
44%
Who has NOT scored 40?Rajon Rondo
41%
What NBA player said that playoff mode "has been activated", and then proceeded to miss the playoffs?LeBron James
31%
Who has played the least amount of games throughout their careerKawhi Leonard
25%
What NBA player got a middle finger emoji on their Finals ring?Kawhi Leonard
22%

Score Distribution

Percentile by Number Answered

Percent of People with Each Score

Your Score History

You have not taken this quiz